[Event "Titled Tuesday intern op 25th Apr Late"]
[Site "Chess.com INT"]
[Date "2023.04.25"]
[Round "9"]
[White "Jian, Alex"]
[Black "Spata, German"]
[Result "1/2-1/2"]
[WhiteElo "2031"]
[BlackElo "2364"]
[PlyCount "144"]
[EventDate "2023.04.25"]
[EventType "swiss (blitz)"]
[EventRounds "11"]
[EventCountry "USA"]
[SourceTitle "EXT 2024"]
[Source "ChessBase"]
[SourceDate "2023.10.10"]
[SourceVersion "1"]
[SourceVersionDate "2023.10.10"]
[SourceQuality "1"]

1. d4 Nf6 2. c4 g6 3. Nc3 Bg7 4. e4 d6 5. Nf3 0-0 6. Be2 Bg4 7. Be3 Nc6 8. d5 Bxf3 9. gxf3 Nb8 10. Qd2 c6 11. h4 h5 12. 0-0-0 Qa5 13. Kb1 Nbd7 14. f4 Rfc8 15. f3 cxd5 16. Nxd5 Qxd2 17. Rxd2 Nxd5 18. cxd5 Nc5 19. Rc1 Na4 20. Rdc2 Rxc2 21. Rxc2 Bf6 22. Bf2 a5 23. Bb5 Nc5 24. e5 Bg7 25. Bxc5 dxc5 26. Rxc5 Rd8 27. Bc4 Bh6 28. f5 gxf5 29. Rxa5 Bf4 30. e6 f6 31. Ra7 Rb8 32. Kc2 Kg7 33. Kd3 Bg3 34. a4 Kg6 35. Ke2 Bxh4 36. a5 Bg3 37. b3 Bd6 38. a6 bxa6 39. Rxa6 h4 40. Ra1 Kg5 41. Kf2 h3 42. Kg1 h2+ 43. Kg2 Kh4 44. Kh1 Kg3 45. Rf1 Ra8 46. Rd1 Kxf3 47. Rf1+ Ke3 48. Re1+ Kd4 49. Rf1 Kc3 50. Rf2 Ra1+ 51. Rf1 Rxf1+ 52. Bxf1 Kxb3 53. Bg2 Kc3 54. Bf3 Kd4 55. Kg2 Ke3 56. Bd1 Kd4 57. Bf3 Kc4 58. Kh1 Kc5 59. Bg2 Kd4 60. Bf3 Ke3 61. Bg2 Kf2 62. Bh3 Kg3 63. Bf1 f4 64. Bd3 f3 65. Bc4 f2 66. Bd3 Kf3 67. Bc4 Ke3 68. Kg2 Kd2 69. Kh1 Ke1 70. Kg2 h1Q+ 71. Kxh1 f1Q+ 72. Bxf1 Kxf1 1/2-1/2

[Event "Titled Tuesday intern op 21st Feb Late"]
[Site "Chess.com INT"]
[Date "2023.02.21"]
[Round "2"]
[White "Desideri, Ricardo Maruchi"]
[Black "Jian, Alex"]
[Result "0-1"]
[WhiteElo "1959"]
[BlackElo "2031"]
[PlyCount "48"]
[EventDate "2023.02.21"]
[EventType "swiss (blitz)"]
[EventRounds "11"]
[EventCountry "USA"]
[SourceTitle "CBM 212 Extra"]
[Source "ChessBase"]
[SourceDate "2023.03.31"]
[SourceVersion "1"]
[SourceVersionDate "2023.03.31"]
[SourceQuality "1"]

1. e4 c5 2. Nf3 Nc6 3. d4 cxd4 4. Nxd4 Nf6 5. Nc3 e5 6. Ndb5 d6 7. Nd5 Nxd5 8. exd5 Nb8 9. c4 Be7 10. Bd3 0-0 11. 0-0 a6 12. Nc3 f5 13. f3 Nd7 14. b4 a5 15. b5 Nc5 16. Bc2 Bg5 17. Kh1 Qf6 18. Bb2 Qh6 19. Ne2 Be3 20. Qe1 Bd7 21. Qc3 Bd2 22. Qa3 Bb4 23. Bc1 Bxa3 24. Bxh6 gxh6 0-1

[Event "Titled Tuesday intern op 21st Feb Late"]
[Site "Chess.com INT"]
[Date "2023.02.21"]
[Round "1"]
[White "Jian, Alex"]
[Black "Bryakin, Mikhail"]
[Result "0-1"]
[WhiteElo "2031"]
[BlackElo "2468"]
[PlyCount "56"]
[EventDate "2023.02.21"]
[EventType "swiss (blitz)"]
[EventRounds "11"]
[EventCountry "USA"]
[SourceTitle "CBM 212 Extra"]
[Source "ChessBase"]
[SourceDate "2023.03.31"]
[SourceVersion "1"]
[SourceVersionDate "2023.03.31"]
[SourceQuality "1"]

1. d4 Nf6 2. c4 c5 3. d5 d6 4. Nc3 g6 5. Nf3 Bg7 6. Bf4 0-0 7. h3 Qa5 8. Bd2 a6 9. e4 b5 10. cxb5 axb5 11. Nxb5 Qb6 12. Qc2 Ba6 13. a4 Bxb5 14. Bxb5 Na6 15. 0-0 Nc7 16. Bc6 Ra7 17. a5 Qb8 18. Rfb1 Na6 19. Qc4 Nb4 20. Bxb4 Qxb4 21. Qxb4 cxb4 22. Nd4 Rb8 23. Nb5 Ra6 24. f3 Nh5 25. Kf1 Nf4 26. Ra4 Nd3 27. Ke2 Nc5 28. Raa1 Nb3 0-1

[Event "Titled Tuesday intern op 23rd Aug Late"]
[Site "Chess.com INT"]
[Date "2022.08.23"]
[Round "3"]
[White "Jian, Alex"]
[Black "Abdrlauf, Elham"]
[Result "1/2-1/2"]
[WhiteElo "2045"]
[BlackElo "2471"]
[PlyCount "152"]
[EventDate "2022.08.23"]
[EventType "swiss (blitz)"]
[EventRounds "11"]
[EventCountry "USA"]
[SourceTitle "EXT 2023"]
[Source "ChessBase"]
[SourceDate "2022.10.05"]
[SourceVersion "1"]
[SourceVersionDate "2022.10.05"]
[SourceQuality "1"]

1. Nf3 d5 2. b3 Nf6 3. Bb2 e6 4. e3 Be7 5. c4 0-0 6. Nc3 c5 7. cxd5 exd5 8. d4 Nc6 9. Be2 cxd4 10. Nxd4 Bb4 11. 0-0 Re8 12. Rc1 Bd7 13. Bf3 Qa5 14. a3 Bf8 15. b4 Qd8 16. Nxd5 Ne5 17. Nc7 Nxf3+ 18. Nxf3 Qe7 19. Nxa8 Rxa8 20. Bxf6 gxf6 21. Rc7 Rd8 22. Qd4 Qd6 23. Qxd6 Bxd6 24. Rxb7 a6 25. Nd4 Be5 26. h3 h5 27. Rd1 Ba4 28. Rc1 Kg7 29. Rb6 Ra8 30. Nc6 Bd6 31. Nd4 Be5 32. f4 Bxd4 33. exd4 a5 34. Rb7 axb4 35. axb4 Rd8 36. Rcc7 Rxd4 37. Rxf7+ Kg6 38. Ra7 Bb5 39. Rfb7 Bc6 40. Rc7 Be4 41. Rg7+ Kf5 42. b5 Rb4 43. Ra5 Kxf4 44. Re7 f5 45. Rg7 Rb1+ 46. Kh2 h4 47. Rg8 Rb4 48. Rg7 Rb3 49. Rh7 Rb2 50. Rg7 Rb1 51. Ra2 Rxb5 52. Rh7 Kg5 53. Rf2 Rb3 54. Rg7+ Kf6 55. Ra7 Kg5 56. Ra5 Rc3 57. Ra4 Rb3 58. Rd4 Rc3 59. Rdd2 Rb3 60. Ra2 Rc3 61. Ra5 Rb3 62. Re2 Kf4 63. Rf2+ Kg5 64. Ra4 Rc3 65. Rd4 Rb3 66. Re2 Kf4 67. Rf2+ Ke3 68. Rfd2 Bd3 69. R4xd3+ Rxd3 70. Rxd3+ Kxd3 71. Kg1 Ke2 72. Kh2 Kf1 73. Kh1 Ke1 74. Kg1 Ke2 75. Kh2 Ke3 76. Kg1 Ke2 1/2-1/2

[Event "Titled Tuesday intern op 23rd Aug Late"]
[Site "Chess.com INT"]
[Date "2022.08.23"]
[Round "6"]
[White "Jian, Alex"]
[Black "Elissalt Cardenas, Hector"]
[Result "1-0"]
[WhiteElo "2045"]
[BlackElo "2298"]
[PlyCount "55"]
[EventDate "2022.08.23"]
[EventType "swiss (blitz)"]
[EventRounds "11"]
[EventCountry "USA"]
[SourceTitle "EXT 2023"]
[Source "ChessBase"]
[SourceDate "2022.10.05"]
[SourceVersion "1"]
[SourceVersionDate "2022.10.05"]
[SourceQuality "1"]

1. Nf3 d5 2. b3 Nc6 3. Bb2 f6 4. d4 Bf5 5. a3 Nh6 6. e3 e6 7. c4 a6 8. Nc3 Be7 9. Be2 0-0 10. Nh4 Be4 11. f3 Bg6 12. Nxg6 hxg6 13. Qc2 Nf5 14. Kf2 Rc8 15. Rad1 g5 16. Bd3 Nh6 17. cxd5 exd5 18. b4 g4 19. Nxd5 gxf3 20. gxf3 Qd7 21. Nf4 Bd6 22. Bc4+ Nf7 23. Be6 Qe7 24. d5 Bxf4 25. exf4 Nb8 26. Rhg1 Kh8 27. Qg6 Nh6 28. Qh5 1-0

[Event "Titled Tuesday intern op 23rd Aug Late"]
[Site "Chess.com INT"]
[Date "2022.08.23"]
[Round "9"]
[White "Jian, Alex"]
[Black "Korchmar, Vasiliy"]
[Result "0-1"]
[WhiteElo "2045"]
[BlackElo "2438"]
[PlyCount "150"]
[EventDate "2022.08.23"]
[EventType "swiss (blitz)"]
[EventRounds "11"]
[EventCountry "USA"]
[SourceTitle "EXT 2023"]
[Source "ChessBase"]
[SourceDate "2022.10.05"]
[SourceVersion "1"]
[SourceVersionDate "2022.10.05"]
[SourceQuality "1"]

1. Nf3 d5 2. b3 Bf5 3. Bb2 e6 4. e3 Nf6 5. Be2 h6 6. 0-0 Bd6 7. c4 0-0 8. Nc3 c6 9. d4 Nbd7 10. Bd3 Bg4 11. h3 Bh5 12. Be2 Ne4 13. Qc2 f5 14. Ne5 Bxe2 15. Nxe2 Nxe5 16. dxe5 Bc7 17. Nf4 Qe8 18. cxd5 exd5 19. Nxd5 Bxe5 20. Bxe5 Qxe5 21. Nf4 Rfd8 22. Rad1 Qc3 23. Qe2 Kh7 24. Ne6 Rxd1 25. Rxd1 Qe5 26. Qc4 Re8 27. Nd4 Rd8 28. Rc1 c5 29. Nf3 Qb2 30. Qc2 Qxc2 31. Rxc2 Rd1+ 32. Kh2 b6 33. Ne5 g5 34. f3 Nf6 35. Kg3 Nd5 36. Kf2 f4 37. exf4 Nxf4 38. Nc4 Kg7 39. Rd2 Ra1 40. a4 Kf6 41. Nd6 Ke6 42. Ne4 Rb1 43. Rd6+ Ke5 44. Rxh6 Rb2+ 45. Kf1 Rb1+ 46. Kf2 Rb2+ 47. Kf1 Rxb3 48. Nxg5 Rb1+ 49. Kf2 Rb2+ 50. Kf1 c4 51. Ne4 Kd4 52. Rc6 Ke3 53. Kg1 Rxg2+ 54. Kh1 Kxf3 55. Rxc4 Re2 56. Ng5+ Kg3 57. Ne4+ Kxh3 58. Rc3+ Kg4 59. Nf6+ Kf5 60. Ng8 Ra2 61. Nh6+ Kg5 62. Nf7+ Kg4 63. Ne5+ Kf5 64. Nd7 Rxa4 65. Nb8 Ra2 66. Kg1 Kg4 67. Kf1 Ra1+ 68. Kf2 Ra2+ 69. Ke1 Nd5 70. Rb3 Kf4 71. Nc6 Ne3 72. Rb4+ Kf3 73. Nd4+ Kg3 74. Rb1 Nc2+ 75. Kf1 Nxd4 0-1

[Event "Titled Tuesday intern op 23rd Aug Early"]
[Site "Chess.com INT"]
[Date "2022.08.23"]
[Round "1"]
[White "Jian, Alex"]
[Black "Nakamura, Hikaru"]
[Result "0-1"]
[WhiteElo "2045"]
[BlackElo "2768"]
[PlyCount "64"]
[EventDate "2022.08.23"]
[EventType "swiss (blitz)"]
[EventRounds "11"]
[EventCountry "USA"]
[SourceTitle "EXT 2023"]
[Source "ChessBase"]
[SourceDate "2022.10.05"]
[SourceVersion "1"]
[SourceVersionDate "2022.10.05"]
[SourceQuality "1"]

1. d4 g6 2. Nf3 Bg7 3. c4 d6 4. Nc3 Nd7 5. e4 e5 6. Be2 Ngf6 7. Be3 Ng4 8. Bg5 f6 9. Bh4 h5 10. h3 Nh6 11. 0-0 0-0 12. d5 g5 13. Bg3 f5 14. exf5 Nc5 15. b4 Na6 16. Rb1 Bxf5 17. Bd3 h4 18. Bh2 Qf6 19. Ne4 Qg6 20. Qe2 Nf7 21. c5 Nb8 22. Rbc1 Nd7 23. c6 bxc6 24. dxc6 Nb6 25. Bb1 d5 26. Nc5 e4 27. Nd2 Ne5 28. Kh1 Rae8 29. Ndb3 g4 30. hxg4 Bxg4 31. Qe1 h3 32. Nd4 hxg2+ 0-1

[Event "Titled Tuesday intern op 02nd Aug Late"]
[Site "Chess.com INT"]
[Date "2022.08.02"]
[Round "4"]
[White "Fajdetic, Hrvoje"]
[Black "Jian, Alex"]
[Result "0-1"]
[WhiteElo "2151"]
[BlackElo "2045"]
[PlyCount "54"]
[EventDate "2022.08.02"]
[EventType "swiss (blitz)"]
[EventRounds "11"]
[EventCountry "USA"]
[SourceTitle "EXT 2023"]
[Source "ChessBase"]
[SourceDate "2022.10.05"]
[SourceVersion "1"]
[SourceVersionDate "2022.10.05"]
[SourceQuality "1"]

1. b3 Nf6 2. Bb2 d5 3. f4 g6 4. Nf3 Bg7 5. e3 0-0 6. Be2 c5 7. d3 Nc6 8. 0-0 b6 9. Ne5 Bb7 10. Bf3 Qc7 11. Nd2 e6 12. Qe1 Nd7 13. Nxd7 Qxd7 14. Bxg7 Kxg7 15. Qh4 Ne7 16. e4 dxe4 17. Nxe4 Qd4+ 18. Qf2 Nf5 19. Qxd4+ cxd4 20. c3 dxc3 21. Nxc3 Bxf3 22. Rxf3 Rac8 23. Ne4 Rfd8 24. Rd1 Rc2 25. Rf2 Rc6 26. g4 Ne3 27. Rdd2 Rc1+ 0-1

[Event "Titled Tuesday intern op 02nd Aug Late"]
[Site "Chess.com INT"]
[Date "2022.08.02"]
[Round "9"]
[White "Zanette, Edgard Vinicius"]
[Black "Jian, Alex"]
[Result "0-1"]
[WhiteElo "2115"]
[BlackElo "2045"]
[PlyCount "72"]
[EventDate "2022.08.02"]
[EventType "swiss (blitz)"]
[EventRounds "11"]
[EventCountry "USA"]
[SourceTitle "EXT 2023"]
[Source "ChessBase"]
[SourceDate "2022.10.05"]
[SourceVersion "1"]
[SourceVersionDate "2022.10.05"]
[SourceQuality "1"]

1. e4 c5 2. Nc3 e6 3. g3 Nc6 4. Bg2 g6 5. f4 Bg7 6. Nf3 Nge7 7. 0-0 d5 8. d3 0-0 9. Be3 d4 10. Bd2 dxc3 11. bxc3 e5 12. h3 f6 13. Qe1 Be6 14. Kh1 Qd7 15. g4 c4 16. Qe2 cxd3 17. cxd3 Rad8 18. Ne1 exf4 19. Bxf4 Ne5 20. Rd1 g5 21. Be3 b6 22. Rf2 Qc8 23. c4 h5 24. gxh5 Bxh3 25. Kg1 Bxg2 26. Rxg2 Qe6 27. Nc2 Qf7 28. Nb4 g4 29. Rh2 Nf3+ 30. Kh1 Nxh2 31. Qxh2 Kh7 32. h6 Bh8 33. Rg1 Qg6 34. Qc7 Qh5+ 35. Kg2 Qh3+ 36. Kf2 Qf3+ 0-1

[Event "Titled Tuesday intern op 26th Jul Late"]
[Site "Chess.com INT"]
[Date "2022.07.26"]
[Round "5"]
[White "Jian, Alex"]
[Black "Ovezdurdiyeva, Jemal"]
[Result "1-0"]
[WhiteElo "2045"]
[BlackElo "2061"]
[PlyCount "83"]
[EventDate "2022.07.26"]
[EventType "swiss (blitz)"]
[EventRounds "11"]
[EventCountry "USA"]
[SourceTitle "EXT 2023"]
[Source "ChessBase"]
[SourceDate "2022.10.05"]
[SourceVersion "1"]
[SourceVersionDate "2022.10.05"]
[SourceQuality "1"]

1. Nf3 Nf6 2. b3 g6 3. Bb2 Bg7 4. e3 0-0 5. Be2 d5 6. 0-0 c5 7. c4 e6 8. cxd5 exd5 9. d4 b6 10. Nc3 Bb7 11. Rc1 Nc6 12. dxc5 bxc5 13. Na4 c4 14. bxc4 dxc4 15. Bxc4 Qa5 16. Nc5 Qb6 17. Bxf6 Bxf6 18. Nd7 Qd8 19. Nxf8 Qxf8 20. Bd5 Rd8 21. e4 Nb4 22. Qb3 Ba6 23. Rfd1 Rb8 24. Qa4 Be2 25. Rd2 Bxf3 26. gxf3 Bg5 27. Rc7 Nxd5 28. Rxd5 Bf4 29. e5 Qh6 30. Qc2 Bxh2+ 31. Kf1 Kg7 32. Rdd7 Rf8 33. Qc3 Qh3+ 34. Ke2 Qe6 35. Re7 Qa6+ 36. Qc4 Qxc4+ 37. Rxc4 a5 38. Ra4 Ra8 39. e6 Kf6 40. Rxf7+ Kxe6 41. Rxh7 Kf5 42. Rxh2 1-0

[Event "Titled Tuesday intern op 26th Jul Late"]
[Site "Chess.com INT"]
[Date "2022.07.26"]
[Round "6"]
[White "Sibilio, Mario"]
[Black "Jian, Alex"]
[Result "1-0"]
[WhiteElo "2279"]
[BlackElo "2045"]
[PlyCount "107"]
[EventDate "2022.07.26"]
[EventType "swiss (blitz)"]
[EventRounds "11"]
[EventCountry "USA"]
[SourceTitle "EXT 2023"]
[Source "ChessBase"]
[SourceDate "2022.10.05"]
[SourceVersion "1"]
[SourceVersionDate "2022.10.05"]
[SourceQuality "1"]

1. Nf3 d5 2. d3 Nf6 3. c4 d4 4. b4 a5 5. b5 c5 6. g3 Nbd7 7. Bg2 e5 8. 0-0 Bd6 9. Nbd2 a4 10. e3 0-0 11. Ng5 Be7 12. exd4 cxd4 13. Re1 Qc7 14. Rb1 Nc5 15. Nde4 Nfxe4 16. Nxe4 Be6 17. b6 Qb8 18. Rb5 Nd7 19. Ng5 Bxg5 20. Bxg5 f6 21. Bd2 Qc8 22. Qf3 Rb8 23. Bb4 Re8 24. Bd6 f5 25. Bxb8 e4 26. dxe4 Bxc4 27. Rxf5 Qxb8 28. e5 Nxe5 29. Qd1 Bd3 30. Rf4 Qd6 31. Be4 Bxe4 32. Rfxe4 d3 33. f4 Qxb6+ 34. Kg2 Qc6 35. fxe5 Rxe5 36. Qxd3 h6 37. Qd8+ Kh7 38. Qd3 Re7 39. Qf3 Rxe4 40. Qxe4+ Qg6 41. Qxg6+ Kxg6 42. Re4 b5 43. Rb4 Kf6 44. Rxb5 a3 45. Ra5 g5 46. Rxa3 Kg6 47. h3 Kh5 48. g4+ Kg6 49. Ra6+ Kg7 50. h4 gxh4 51. Kh3 Kh7 52. Kxh4 Kg7 53. Kh5 Kf7 54. Kxh6 1-0

[Event "Titled Tuesday intern op 26th Jul Late"]
[Site "Chess.com INT"]
[Date "2022.07.26"]
[Round "10"]
[White "Todorovic, Bojan"]
[Black "Jian, Alex"]
[Result "1-0"]
[WhiteElo "2222"]
[BlackElo "2045"]
[PlyCount "87"]
[EventDate "2022.07.26"]
[EventType "swiss (blitz)"]
[EventRounds "11"]
[EventCountry "USA"]
[SourceTitle "EXT 2023"]
[Source "ChessBase"]
[SourceDate "2022.10.05"]
[SourceVersion "1"]
[SourceVersionDate "2022.10.05"]
[SourceQuality "1"]

1. d4 d5 2. c4 c6 3. Nf3 Nf6 4. e3 Bf5 5. Nc3 e6 6. Nh4 Bg4 7. Qb3 Qc7 8. h3 Bh5 9. g4 Bg6 10. Nxg6 hxg6 11. Bg2 Nbd7 12. Bd2 Nb6 13. cxd5 exd5 14. Ne2 Bd6 15. Bb4 0-0 16. Bxd6 Qxd6 17. 0-0-0 Nc4 18. e4 b5 19. e5 Qe7 20. Ng3 Nd7 21. f4 a5 22. Qd3 a4 23. h4 b4 24. h5 g5 25. Nf5 Qd8 26. Ne3 gxf4 27. Nxc4 dxc4 28. Qxc4 Nb6 29. Qxb4 Nd5 30. Bxd5 Qxd5 31. Kb1 Rfb8 32. Qc5 Qg2 33. Qc2 Qxg4 34. Rdg1 Qe6 35. Rg2 Rb4 36. Rhg1 Rab8 37. Rxg7+ Kf8 38. Rg8+ Ke7 39. Qc5+ Kd7 40. Rxb8 Rxb8 41. d5 Qf5+ 42. Ka1 cxd5 43. Qd6+ Ke8 44. Rg8# 1-0

[Event "Titled Tuesday intern op 19th Jul Late"]
[Site "Chess.com INT"]
[Date "2022.07.19"]
[Round "4"]
[White "Jian, Alex"]
[Black "Mica, Marek"]
[Result "1/2-1/2"]
[WhiteElo "2045"]
[BlackElo "2304"]
[PlyCount "95"]
[EventDate "2022.07.19"]
[EventType "swiss (blitz)"]
[EventRounds "11"]
[EventCountry "USA"]
[SourceTitle "EXT 2023"]
[Source "ChessBase"]
[SourceDate "2022.10.05"]
[SourceVersion "1"]
[SourceVersionDate "2022.10.05"]
[SourceQuality "1"]

1. Nf3 d5 2. b3 Nf6 3. Bb2 Bg4 4. e3 c6 5. Be2 Nbd7 6. 0-0 e6 7. h3 Bh5 8. d4 Be7 9. c4 0-0 10. Nc3 Rc8 11. Rc1 a5 12. Ne5 Bxe2 13. Qxe2 Nxe5 14. dxe5 Nd7 15. Na4 dxc4 16. bxc4 Nc5 17. Rfd1 Qc7 18. Nc3 Rfd8 19. f4 Rxd1+ 20. Rxd1 Rd8 21. Ba3 Na4 22. Bxe7 Nxc3 23. Bxd8 Nxe2+ 24. Kf2 Qc8 25. Bb6 Nc3 26. Rd8+ Qxd8 27. Bxd8 Nxa2 28. Bxa5 b5 29. cxb5 cxb5 30. Ke2 f6 31. exf6 gxf6 32. Kd2 b4 33. Kc2 Kf7 34. Kb3 Nc3 35. Bxb4 Nd5 36. Bc5 f5 37. Kc4 Nf6 38. Kd3 Ne4 39. Bb4 h5 40. g4 hxg4 41. hxg4 Nf2+ 42. Ke2 Nxg4 43. Kf3 Nf6 44. Bc3 Ne4 45. Be5 Nf6 46. Bxf6 Kxf6 47. e4 fxe4+ 48. Kxe4 1/2-1/2

[Event "Titled Tuesday intern op 19th Jul Late"]
[Site "Chess.com INT"]
[Date "2022.07.19"]
[Round "2"]
[White "Jian, Alex"]
[Black "Novikova, Galina"]
[Result "1-0"]
[WhiteElo "2045"]
[BlackElo "2073"]
[PlyCount "53"]
[EventDate "2022.07.19"]
[EventType "swiss (blitz)"]
[EventRounds "11"]
[EventCountry "USA"]
[SourceTitle "EXT 2023"]
[Source "ChessBase"]
[SourceDate "2022.10.05"]
[SourceVersion "1"]
[SourceVersionDate "2022.10.05"]
[SourceQuality "1"]

1. Nf3 f5 2. b3 Nf6 3. Bb2 e6 4. e3 d6 5. d4 Be7 6. Bd3 0-0 7. c4 Qe8 8. Nbd2 Qg6 9. Qc2 Nc6 10. a3 Qxg2 11. Rg1 Qh3 12. 0-0-0 Ng4 13. d5 Nce5 14. Nxe5 dxe5 15. Rg3 Qxh2 16. Rdg1 Qh6 17. f3 Nxe3 18. Bxe5 Bf6 19. Qc3 Kh8 20. Rxg7 Qxg7 21. Rxg7 Kxg7 22. Bxf5 Nxf5 23. Ne4 Bxe5 24. Qxe5+ Kg6 25. dxe6 b6 26. e7 Re8 27. Qf6+ 1-0

[Event "Titled Tuesday intern op 12th Jul Late"]
[Site "Chess.com INT"]
[Date "2022.07.12"]
[Round "2"]
[White "Curtis, John"]
[Black "Jian, Alex"]
[Result "1/2-1/2"]
[WhiteElo "2292"]
[BlackElo "2045"]
[PlyCount "88"]
[EventDate "2022.07.12"]
[EventType "swiss (blitz)"]
[EventRounds "11"]
[EventCountry "USA"]
[SourceTitle "EXT 2023"]
[Source "ChessBase"]
[SourceDate "2022.10.05"]
[SourceVersion "1"]
[SourceVersionDate "2022.10.05"]
[SourceQuality "1"]

1. e4 c5 2. Nf3 e6 3. c3 d5 4. e5 d4 5. d3 Nc6 6. c4 Nge7 7. Bf4 Ng6 8. Bg3 Be7 9. h4 f6 10. exf6 Bxf6 11. h5 Nge7 12. Nbd2 Nf5 13. Bh2 0-0 14. Ne4 b6 15. Be2 Bb7 16. Qd2 h6 17. g4 Nh4 18. Nxh4 Bxh4 19. 0-0-0 Bxf2 20. Kb1 Be3 21. Qc2 Nb4 22. Qb3 a5 23. a4 Bxe4 24. dxe4 Rf2 25. Bd3 Qf6 26. Bg3 Rf3 27. Be1 Rf8 28. Bxb4 axb4 29. a5 bxa5 30. Qa4 Rf2 31. Rhf1 Qh4 32. Rxf2 Rxf2 33. e5 Qxg4 34. Bg6 Rf8 35. Ka2 Qe2 36. Rb1 Qf2 37. Qc6 Kh8 38. Qxe6 a4 39. Bd3 b3+ 40. Ka1 Bd2 41. Qg6 Kg8 42. Qe6+ Kh8 43. Qg6 Kg8 44. Qe6+ Kh8 1/2-1/2

[Event "Titled Tuesday intern op 12th Jul Late"]
[Site "Chess.com INT"]
[Date "2022.07.12"]
[Round "5"]
[White "Dubov, Daniil"]
[Black "Jian, Alex"]
[Result "0-1"]
[WhiteElo "2702"]
[BlackElo "2045"]
[PlyCount "132"]
[EventDate "2022.07.12"]
[EventType "swiss (blitz)"]
[EventRounds "11"]
[EventCountry "USA"]
[SourceTitle "EXT 2023"]
[Source "ChessBase"]
[SourceDate "2022.10.05"]
[SourceVersion "1"]
[SourceVersionDate "2022.10.05"]
[SourceQuality "1"]

1. Nh3 Nf6 2. Ng1 d5 3. Nf3 c5 4. Ng1 e5 5. d3 Nc6 6. Bg5 Be7 7. Nd2 0-0 8. e4 Be6 9. Ngf3 d4 10. Be2 Nd7 11. h4 f6 12. Nf1 fxg5 13. hxg5 Bxg5 14. Ng3 Bf4 15. Nh5 g6 16. Nxf4 exf4 17. Qd2 Nde5 18. Ng1 Qf6 19. 0-0-0 f3 20. Nxf3 Nxf3 21. Bxf3 Qf4 22. Qxf4 Rxf4 23. e5 Nxe5 24. Bxb7 Rb8 25. Rde1 Rxb7 26. Rxe5 Bf7 27. f3 Rf5 28. Rxf5 gxf5 29. Re1 Rc7 30. b3 Kg7 31. Re5 Kf6 32. f4 Be6 33. Kb2 h5 34. g3 Rg7 35. Rxc5 Rxg3 36. Rc7 Bf7 37. Rc6+ Kg7 38. Rc7 h4 39. Rxa7 h3 40. a4 h2 41. Ka3 h1Q 42. Kb4 Qe1+ 43. Kb5 Rg2 44. Rc7 Qb1 45. b4 Rxc2 46. Rd7 Rb2 47. Rxd4 Rd2 48. Rd7 Rxd3 49. Rb7 Qf1 50. Ka5 Qxf4 51. b5 Rd4 52. Kb6 Rxa4 53. Rc7 Qd4+ 54. Kb7 Ra7+ 55. Kc8 Rxc7+ 56. Kxc7 Qc5+ 57. Kd7 Qxb5+ 58. Ke7 Qe5+ 59. Kd7 f4 60. Kc6 f3 61. Kd7 f2 62. Kd8 f1Q 63. Kd7 Qd3+ 64. Kc6 Qec3+ 65. Kb6 Qb1+ 66. Ka6 Qa3# 0-1

[Event "Titled Tuesday intern op 12th Jul Late"]
[Site "Chess.com INT"]
[Date "2022.07.12"]
[Round "10"]
[White "Jian, Alex"]
[Black "Navarrete Mendez, Gonzalo Albe"]
[Result "1-0"]
[WhiteElo "2045"]
[BlackElo "2185"]
[PlyCount "199"]
[EventDate "2022.07.12"]
[EventType "swiss (blitz)"]
[EventRounds "11"]
[EventCountry "USA"]
[SourceTitle "EXT 2023"]
[Source "ChessBase"]
[SourceDate "2022.10.05"]
[SourceVersion "1"]
[SourceVersionDate "2022.10.05"]
[SourceQuality "1"]

1. Nf3 d5 2. b3 Nc6 3. Bb2 Bg4 4. e3 a6 5. Be2 Nf6 6. 0-0 Bxf3 7. Bxf3 e5 8. d3 Bd6 9. Nd2 Qe7 10. g3 e4 11. dxe4 dxe4 12. Bg2 0-0-0 13. Qe2 h5 14. Bxf6 gxf6 15. Nxe4 Be5 16. Rad1 Rdg8 17. Nd2 Qc5 18. f4 Bd4 19. exd4 Nxd4 20. Qf2 h4 21. Rfe1 hxg3 22. hxg3 Rd8 23. Ne4 Qb6 24. c3 Ne2+ 25. Kf1 Nxg3+ 26. Nxg3 Qb5+ 27. Qe2 Qc5 28. Rxd8+ Rxd8 29. Rd1 Rg8 30. Qf3 c6 31. Rd4 Qa3 32. Bh3+ Kb8 33. Qf2 Qc1+ 34. Kg2 Qxc3 35. Re4 f5 36. Re3 Qf6 37. Rf3 Qh4 38. Kh2 Ka8 39. Qg2 Rh8 40. Re3 Qh6 41. Re7 Qxf4 42. Qe2 Ka7 43. Qe3+ Qxe3 44. Rxe3 f4 45. Rf3 fxg3+ 46. Kxg3 Rd8 47. Rxf7 Rd2 48. Rf2 Rd1 49. Kg2 Kb6 50. Bg4 Rc1 51. Bf5 c5 52. Rc2 Ra1 53. Kf2 Kb5 54. Bd3+ Kb6 55. Ke2 Kc6 56. Kd2 b5 57. Kc3 Kb6 58. Kb2 Rd1 59. Be2 Rd4 60. Rc1 Re4 61. Rc2 Re3 62. a3 a5 63. Rd2 Re6 64. Bd3 Rd6 65. Kc2 Rd4 66. Re2 Rd6 67. Bf5 Rf6 68. Re6+ Rxe6 69. Bxe6 Kc6 70. Kc3 Kd6 71. Bf7 Kc6 72. Be6 Kd6 73. Bf7 Ke7 74. Bh5 Kd6 75. Be2 Kc6 76. a4 c4 77. axb5+ Kxb5 78. Bxc4+ Kc5 79. Bd3 Kd5 80. Kb2 Kc5 81. Be2 Kb4 82. Bd1 a4 83. bxa4 Ka5 84. Ka3 Kb6 85. Be2 Ka5 86. Kb3 Kb6 87. Kb4 Ka7 88. a5 Kb7 89. Kb5 Ka7 90. a6 Kb8 91. Kb6 Kc8 92. a7 Kd7 93. a8Q Kd6 94. Qe4 Kd7 95. Kc5 Kc8 96. Qe7 Kb8 97. Bf3 Kc8 98. Qb7+ Kd8 99. Kd6 Ke8 100. Qe7# 1-0

[Event "Titled Tuesday intern op 05th Jul Late"]
[Site "Chess.com INT"]
[Date "2022.07.05"]
[Round "9"]
[White "Harish, Neeraj"]
[Black "Jian, Alex"]
[Result "0-1"]
[WhiteElo "2018"]
[BlackElo "2045"]
[PlyCount "72"]
[EventDate "2022.07.05"]
[EventType "swiss (blitz)"]
[EventRounds "11"]
[EventCountry "USA"]
[SourceTitle "CBM 209 Extra"]
[Source "ChessBase"]
[SourceDate "2022.09.30"]
[SourceVersion "1"]
[SourceVersionDate "2022.09.30"]
[SourceQuality "1"]

1. e4 c5 2. Nf3 e6 3. d4 cxd4 4. Nxd4 a6 5. Bd3 Nf6 6. 0-0 d6 7. Qe2 Be7 8. c4 0-0 9. Nc3 Nc6 10. Nc2 b6 11. Be3 Bb7 12. f3 Qc7 13. Qf2 Nd7 14. Rac1 Nce5 15. Be2 Nxc4 16. Bxc4 Qxc4 17. Na3 Qb4 18. Bd4 b5 19. Nc2 Qa5 20. b4 Qd8 21. a4 bxa4 22. Nxa4 d5 23. exd5 Bxd5 24. Nb6 Nxb6 25. Bxb6 Qd7 26. Bc5 Bf6 27. Nd4 Rfc8 28. Rc2 Be4 29. fxe4 Rxc5 30. bxc5 Bxd4 31. Rd2 Bxf2+ 32. Rfxf2 Qe7 33. Rc2 Rc8 34. c6 g6 35. Rfd2 Kg7 36. e5 Qa7+ 0-1

[Event "Titled Tuesday intern op 05th Jul Late"]
[Site "Chess.com INT"]
[Date "2022.07.05"]
[Round "3"]
[White "Matsuura, Frederico"]
[Black "Jian, Alex"]
[Result "1-0"]
[WhiteElo "2244"]
[BlackElo "2045"]
[PlyCount "77"]
[EventDate "2022.07.05"]
[EventType "swiss (blitz)"]
[EventRounds "11"]
[EventCountry "USA"]
[SourceTitle "CBM 209 Extra"]
[Source "ChessBase"]
[SourceDate "2022.09.30"]
[SourceVersion "1"]
[SourceVersionDate "2022.09.30"]
[SourceQuality "1"]

1. d4 Nf6 2. c4 c6 3. Nc3 d5 4. e3 g6 5. Nf3 Bg7 6. Qb3 0-0 7. Bd2 a6 8. Be2 dxc4 9. Bxc4 b5 10. Be2 Bb7 11. 0-0 Nbd7 12. a4 Re8 13. Rfd1 e5 14. Ng5 Qe7 15. Bf3 h6 16. Nge4 exd4 17. exd4 Nb6 18. Bf4 Nfd5 19. Bd6 Qd8 20. Bg3 Nc4 21. Nc5 Qb6 22. axb5 axb5 23. Bxd5 cxd5 24. Qxb5 Qxb5 25. Nxb5 Bc6 26. Nc7 Rxa1 27. Rxa1 Rc8 28. N7a6 Nxb2 29. Nb3 Nc4 30. Nac5 Bb5 31. h4 Bxd4 32. Nxd4 Rxc5 33. Ra7 Nd6 34. Bxd6 Rc1+ 35. Kh2 Bc4 36. Be5 Kh7 37. Ra8 g5 38. h5 f6 39. Bxf6 1-0